[Event "BCF-chT 9697 (4NCL)"]
[Site "England"]
[Date "1997.??.??"]
[Round "5.8"]
[White "Bates, Ruth"]
[Black "Houska, Ivana"]
[Result "1-0"]
[WhiteElo "1880"]
[BlackElo "1408"]
[PlyCount "65"]
[EventDate "1996.10.??"]
[EventType "team"]
[EventRounds "12"]
[EventCountry "ENG"]
[SourceTitle "EXT 1999"]
[Source "ChessBase"]
[SourceDate "1998.11.16"]
[SourceVersion "1"]
[SourceVersionDate "1998.11.16"]
[SourceQuality "1"]
[WhiteTeam "Richmond"]
[BlackTeam "Witney"]
[WhiteTeamCountry "ENG"]
[BlackTeamCountry "ENG"]

1. d4 d5 2. e3 Bf5 3. c4 c6 4. cxd5 cxd5 5. Qb3 b6 6. Nf3 Nf6 7. Bd2 e6 8. Bb5+ Nbd7 9. Ne5 Bd6 10. Nxd7 Nxd7 11. Bb4 Bxb4+ 12. Qxb4 Bxb1 13. Rxb1 Rc8 14. 0-0 h5 15. Rbc1 Rb8 16. Qd6 Rc8 17. Ba6 Rb8 18. Rc7 Qe7 19. Rxd7 Qxd6 20. Rxd6 b5 21. Rc1 Ke7 22. Rdc6 Rhd8 23. R1c5 b4 24. Kf1 b3 25. a3 g6 26. Ke2 h4 27. Kd2 Rd6 28. Rxd6 Kxd6 29. Rb5 Rxb5 30. Bxb5 a5 31. Kc3 Kc7 32. Kxb3 Kb6 33. Be8 1-0